|
|
|
|
| LEADER |
00000nab a2200000 a 4500 |
| 001 |
vtls008997070 |
| 003 |
SK-MaSNL |
| 005 |
20260303065757.0 |
| 008 |
140328c2007 xo qr|p|||||||000 b|slo |
| 015 |
|
|
|a SNBRB2007/06
|
| 038 |
|
|
|a SNKBUCL
|
| 040 |
|
|
|a SNKBUCL
|b slo
|e AACR2
|c SNKBUCL
|
| 041 |
0 |
|
|a slo
|
| 044 |
|
|
|a xo
|c SK
|
| 080 |
|
|
|a 262.14
|2 1997
|
| 080 |
|
|
|a 27-726.3
|2 2001
|
| 100 |
1 |
|
|a Zahatlan, Pavol
|4 aut
|9 414315
|
| 245 |
1 |
0 |
|a Novokňazom na cestu
|c Pavol Zahatlan
|
| 504 |
|
|
|a Bibliogr. odkazy
|
| 650 |
0 |
7 |
|a kňazi
|2 snkbucl
|9 28986
|
| 650 |
0 |
7 |
|a kňazské svätenie
|2 snkbucl
|9 58371
|
| 773 |
0 |
|
|t Duchovný pastier
|g Roč. LXXXVIII, č. 6 (2007), s. 419-420
|x 0139-861X
|
| 852 |
|
|
|a SNK
|b KIS3GCP
|
| 958 |
|
|
|a SK
|
| 958 |
|
|
|a NB
|
| 958 |
|
|
|a NT
|
| 999 |
|
|
|c 1752636
|d 1754566
|